000
00346nam a2200145Ia 4500
008
240624s9999 xx 000 0 und d
041
_a
eng
082
_a
302.20954 KUM
100
_a
KUMAR KEVAL J
245
_a
MASS COMMUNICATION IN INDIA
250
_a
(3rd ed.)
260
_c
2004
_a
Mumbai
_b
Jaico Publishing House
300
_a
407
365
_c
RS
999
_c
740
_d
740